000 00304nam a22001337a 4500
008 170227b xxu||||| |||| 00| 0 eng d
020 _aivqxvgv0uq2q2
041 _aeng
080 _a577
100 _a5
101 _aSHMB
245 _aESSENTIALS OF MEDICAL BIOCHEMISTRY
_cLIEBERMAN, M
942 _2udc
_cBK
999 _c6301
_d6301